| 000 | 00421nam a22001571c 4500 | ||
|---|---|---|---|
| 001 | a987657207 | ||
| 008 | 070626s1989 gw |||| 000u ger d | ||
| 041 | _ager | ||
| 100 | 1 | _aBurg, Peter | |
| 245 | 0 | 4 |
_aDie deutsche Trias in Idee und Wirklichkeit : _bVom alten Reich zum deutschen Zollverein |
| 264 |
_aStuttgart : _bSteiner, _c1989 |
||
| 300 | _a402 S. | ||
| 942 | _cMG | ||
| 040 | _cRU-10907106 | ||
| 003 | RU-10907106 | ||
| 999 |
_c12812 _d12812 |
||